| 000 | 00551cam a2200217 4500 | ||
|---|---|---|---|
| 008 | 000000n2002 000 0 eng u | ||
| 020 | _a0406961573 | ||
| 035 | _a(Sirsi) u120667 | ||
| 041 | _aeng | ||
| 050 |
_a340.03 _c18 |
||
| 100 |
_aHay, D. _xEditor |
||
| 245 | _aWords and phrases legally defined - supplement 2002 | ||
| 250 | _a3rd. ed. | ||
| 260 |
_aLondon _bReed Elsevier _c2002 |
||
| 300 |
_a534p. _c25cm. |
||
| 650 | _aDICTIONARIES | ||
| 650 | _aLAW | ||
| 650 | _aWORDS AND PHRASES LEGALLY DEFINED | ||
| 690 | _aLAW | ||
| 942 | _n0 | ||
| 999 |
_c102541 _d102541 |
||